Städte Tirols - Multiple Choice - Statistiken

Allgemein
  • Dieses Quiz wurde 164 mal gespielt
  • Das Durchschnittsergebnis liegt bei 7 aus 10
Antwortstatistiken
Frage Antwort % Korrekt
Diese Stadt ist Bezirkshauptstadt eines Bezirkes, der auch Osttirol genannt wird und nicht mit den restlichen Bezirken Tirols verbunden ist. Lienz
89%
Diese Stadt befindet sich an der Landesgrenze zu Deutschland. Die gleichnamige Festung ist eine bekannte Sehenswürdigkeit. Kufstein
85%
Diese Stadt mit 8.225 Einwohnern ist eine der bekanntesten Wintersportorte der Alpen. Kitzbühel
81%
Ein Silberbergwerk und die Burg Freundsberg befinden sich in dieser Stadt Schwaz
81%
Welche dieser Städte liegt NICHT am Inn? Kitzbühel
78%
Diese Stadt ist mit 0,11km² und 442 Einwohnern nicht nur die flächenmäßig kleinste Gemeinde, sondern auch die kleinste Stadt Österreichs. Rattenberg
70%
Welche dieser Gemeinden hat ein Stadtrecht? Wörgl
67%
Welches dieser Bilder gehört NICHT zu Innsbruck?
63%
Welche dieser Bezirkshauptstädte hat KEIN Stadtrecht? Reutte
63%
Um diese Stadt handelt es sich beim Thumbnail dieses Quizzes. Vils
26%
Keine übereinstimmenden Quizze gefunden
Verteilung der Resultate
Anzahl Personen mit jedem Resultat
Perzentil nach korrekt beantworteten Fragen
Ihre Resultats-Entwicklung
Sie haben dieses Quiz noch nicht gespielt